Miasta nad Odrą - nagła śmierć - Statystyki

Ogólne statystyki
  • Ten quiz został rozwiązany 150 razy
  • Średni wynik to 6 z 15
Answers on the Grid
Answers color-coded by a green-red scale on the quiz's grid according to % correct below.
Brzeg
Brzeg Dolny
Bydgoszcz
Gliwice
Głogów
Gorzów Wielkopolski
Gryfino
Kędzierzyn-Koźle
Krapkowice
Legnica
Lubin
Nowa Sól
Nysa
Oława
Opole
Ostrawa
Police
Polkowice
Racibórz
Słubice
Świnoujście
Szczecin
Wrocław
Zgorzelec
 
Statystyki odpowiedzi
Odpowiedź % Poprawnych
Wrocław
63%
Brzeg
58%
Opole
58%
Szczecin
48%
Brzeg Dolny
43%
Głogów
40%
Racibórz
35%
Kędzierzyn-Koźle
33%
Oława
30%
Police
30%
Słubice
28%
Krapkowice
23%
Nowa Sól
23%
Ostrawa
23%
Gryfino
17%
Nie znaleziono quizów pasujących do podanych kryteriów
Rozkład punktacji
Procent ludzi z każdym wynikiem
Percentyl według liczby udzielonych odpowiedzi
Twoja historia wyników
Nie rozwiązałeś tego quizu